The Afrikaner People (Record no. 692882)

MARC details
000 -LEADER
fixed length control field 00274nam a2200109Ia 4500
008 - FIXED-LENGTH DATA ELEMENTS--GENERAL INFORMATION
fixed length control field 220713s9999 xx 000 0 und d
020 ## - INTERNATIONAL STANDARD BOOK NUMBER
International Standard Book Number <a href="978 1 920069 15 5">978 1 920069 15 5</a>
082 ## - DEWEY DECIMAL CLASSIFICATION NUMBER
Classification number JR 305.80968 AFRI
942 ## - ADDED ENTRY ELEMENTS
Modifier ID 561
Modifier Name John Tresidder
100 ## - MAIN ENTRY--PERSONAL NAME
Personal name No author, editors only
245 #4 - TITLE STATEMENT
Title The Afrikaner People
942 ## - ADDED ENTRY ELEMENTS
item type Books
Holdings
Withdrawn status Lost status Damaged status Not for loan Home library Current library Date acquired Cost, normal purchase price Total Checkouts Barcode Date last seen Price effective from item type Public note
        Chromeville PL (MMID-PLST-CHRO) Chromeville PL (MMID-PLST-CHRO) 04.07.2022 93.75   33089000324446 04.07.2022 04.07.2022 Books 113/12
        Gerard Sekoto PL(MMID-PLST-GERA) Gerard Sekoto PL(MMID-PLST-GERA) 13.07.2022 93.75   33089000253108 13.07.2022 13.07.2022 Books 320/12
        Nasaret PL (MMID-PLST-NASA) Nasaret PL (MMID-PLST-NASA) 30.06.2022 208.33   33228022619397 30.06.2022 30.06.2022 Books 139089